<?xml version="1.0" encoding="UTF-8"?>
<record
    xmlns:xsi="http://www.w3.org/2001/XMLSchema-instance"
    xsi:schemaLocation="http://www.loc.gov/MARC21/slim http://www.loc.gov/standards/marcxml/schema/MARC21slim.xsd"
    xmlns="http://www.loc.gov/MARC21/slim">

  <leader>01040nam a22002417a 4500</leader>
  <controlfield tag="008">130918t        mx||||| |||| 00| 0 spa d</controlfield>
  <datafield tag="020" ind1=" " ind2=" ">
    <subfield code="a">9703212816 (Obra completa)</subfield>
  </datafield>
  <datafield tag="020" ind1=" " ind2=" ">
    <subfield code="a">9703212824 (V.1.)</subfield>
  </datafield>
  <datafield tag="020" ind1=" " ind2=" ">
    <subfield code="a">9703212832 (V.2)</subfield>
  </datafield>
  <datafield tag="050" ind1="0" ind2="4">
    <subfield code="a">LB675 .F47</subfield>
    <subfield code="b">H47 2003</subfield>
  </datafield>
  <datafield tag="100" ind1="1" ind2=" ">
    <subfield code="a">Hern&#xE1;ndez Garc&#xED;a, Jes&#xFA;s</subfield>
  </datafield>
  <datafield tag="245" ind1=" " ind2=" ">
    <subfield code="a">Fern&#xE1;ndez de Lizardi. Un educador para un pueblo : </subfield>
    <subfield code="b">la educaci&#xF3;n en su obra priod&#xED;stica y narrativa /</subfield>
    <subfield code="c">Jes&#xFA;s Hern&#xE1;ndez Garc&#xED;a </subfield>
  </datafield>
  <datafield tag="250" ind1=" " ind2=" ">
    <subfield code="a">1a ed.</subfield>
  </datafield>
  <datafield tag="260" ind1=" " ind2=" ">
    <subfield code="a">M&#xE9;xico : </subfield>
    <subfield code="b">Universidad Nacional Aut&#xF3;noma de M&#xE9;xico : Universidad Pedag&#xF3;gica Nacional, </subfield>
    <subfield code="c">2003</subfield>
  </datafield>
  <datafield tag="300" ind1=" " ind2=" ">
    <subfield code="a">2v. :</subfield>
    <subfield code="b">il. ; </subfield>
    <subfield code="c">23 cm.</subfield>
  </datafield>
  <datafield tag="440" ind1=" " ind2="0">
    <subfield code="a">Colecci&#xF3;n : Historia, Ciudadan&#xED;a y Magisterio ;</subfield>
    <subfield code="v">2</subfield>
  </datafield>
  <datafield tag="504" ind1=" " ind2=" ">
    <subfield code="a">Bibliograf&#xED;a : p. 1051-1069 e &#xED;ndice </subfield>
  </datafield>
  <datafield tag="600" ind1="1" ind2="4">
    <subfield code="a">Fernandez de Lizardi, Jose Joaquin,</subfield>
    <subfield code="d">1776-1827</subfield>
    <subfield code="x">Puntos de vista sobre la Educaci&#xF3;n </subfield>
  </datafield>
  <datafield tag="650" ind1=" " ind2="4">
    <subfield code="a">Educaci&#xF3;n </subfield>
    <subfield code="z">M&#xE9;xico </subfield>
    <subfield code="x">Historia </subfield>
    <subfield code="y">Siglo XIX</subfield>
  </datafield>
  <datafield tag="650" ind1=" " ind2="4">
    <subfield code="a">Educaci&#xF3;n </subfield>
    <subfield code="z">M&#xE9;xico </subfield>
    <subfield code="x">Articulos periodisticos </subfield>
  </datafield>
  <datafield tag="650" ind1=" " ind2="4">
    <subfield code="a">Educaci&#xF3;n e la literatura </subfield>
  </datafield>
  <datafield tag="942" ind1=" " ind2=" ">
    <subfield code="2">lcc</subfield>
    <subfield code="c">LIB</subfield>
  </datafield>
  <datafield tag="999" ind1=" " ind2=" ">
    <subfield code="c">41681</subfield>
    <subfield code="d">41681</subfield>
  </datafield>
  <datafield tag="952" ind1=" " ind2=" ">
    <subfield code="1">0</subfield>
    <subfield code="2">lcc</subfield>
    <subfield code="4">0</subfield>
    <subfield code="7">0</subfield>
    <subfield code="a">LIC-046</subfield>
    <subfield code="b">LIC-046</subfield>
    <subfield code="d">2013-09-18</subfield>
    <subfield code="e">Rec.  Esc.</subfield>
    <subfield code="h">LLH000002967</subfield>
    <subfield code="o">LB675 .F47 H47 2003 V.1</subfield>
    <subfield code="p">LLH000002967</subfield>
    <subfield code="r">2015-01-16 00:00:00</subfield>
    <subfield code="t">V.1 C:1</subfield>
    <subfield code="y">LIB</subfield>
    <subfield code="z">General</subfield>
  </datafield>
  <datafield tag="952" ind1=" " ind2=" ">
    <subfield code="1">0</subfield>
    <subfield code="2">lcc</subfield>
    <subfield code="4">0</subfield>
    <subfield code="7">0</subfield>
    <subfield code="a">LIC-046</subfield>
    <subfield code="b">LIC-046</subfield>
    <subfield code="d">2013-09-18</subfield>
    <subfield code="e">Rec. Esc.</subfield>
    <subfield code="h">LLH000002968</subfield>
    <subfield code="o">LB675 .F47 H47 2003  V.2</subfield>
    <subfield code="p">LLH000002968</subfield>
    <subfield code="r">2013-09-18 00:00:00</subfield>
    <subfield code="t">V.2 C:1</subfield>
    <subfield code="y">LIB</subfield>
    <subfield code="z">General</subfield>
  </datafield>
</record>
